000 00356nam a2200133Ia 4500
008 240624s9999 xx 000 0 und d
041 _aeng
082 _a658.421 STR
100 _aSTROSS RANDALL
245 _aLAUNCH PAD INSIDE Y COMBINATOR SILICON V
260 _c2012
_aNew Delhi
_bPortfolio Penguin
300 _a280 : p. : cm. ; 19
365 _cRS
_b28.5
999 _c27696
_d27696